Παραγωγή ντοκιμαντέρ με τίτλο <<διπλά σε δύο καμινάδες ...ΑΣΠ ΔΕΗ Λέσβου>> : πτυχιακή εργασία

Αποθηκεύτηκε σε:
Λεπτομέρειες βιβλιογραφικής εγγραφής
Κύριος συγγραφέας: Γεροκώστα, Χριστίνα
Συγγραφή απο Οργανισμό/Αρχή: Πανεπιστήμιο Αιγαίου. Σχολή Κοινωνικών Επιστημών. Τμήμα Πολιτισμικής Τεχνολογίας και Επικοινωνίας
Άλλοι συγγραφείς: Δουλγκέρη, Άννα, Παυλογεωργάτος, Γεράσιμος Δ. (Εισηγητής διατριβής)
Μορφή: Thesis Βιβλίο
Γλώσσα:Greek
Δημοσίευση: Μυτιλήνη : Πανεπιστήμιο Αιγαίου, Τμήμα Πολιτισμικής Τεχνολογίας και Επικοινωνίας, 2004
Θέματα:
Διαθέσιμο Online:http://hdl.handle.net/11610/10591
Ετικέτες: Προσθήκη ετικέτας
Δεν υπάρχουν, Καταχωρήστε ετικέτα πρώτοι!

MARC

LEADER 00000cam a2200000 i 4500
001 1/23766
008 060208s2004 gre d
035 |l 10082514 
040 |a GR-MY-UA  |b gre  |e aacr 
041 0 |a gre 
082 0 |a 791.43  |2 (22) 
100 1 |a Γεροκώστα, Χριστίνα. 
245 1 0 |a Παραγωγή ντοκιμαντέρ με τίτλο <<διπλά σε δύο καμινάδες ...ΑΣΠ ΔΕΗ Λέσβου>> :  |b πτυχιακή εργασία /  |c Γεροκώστα Χριστίνα, Δουλγκέρη Άννα ; υπεύθυνος καθηγητής Γεράσιμος Παυλογεωργάτος 
260 |a Μυτιλήνη :   |b Πανεπιστήμιο Αιγαίου, Τμήμα Πολιτισμικής Τεχνολογίας και Επικοινωνίας,   |c 2004 
300 |a 74 σ.;  |c 30 εκ. 
502 |a Πτυχιακή εργασία – Πανεπιστήμιο Αιγαίου, Λέσβος, 2004. 
504 |a Βιβλιογραφία: 72-74 
650 0 0 |a Documentary films  |x Production and direction. 
650 0 0 |a Documentary videos. 
650 0 0 |a Dissertations, Academic  |z Greece. 
700 1 |a Δουλγκέρη, Άννα. 
700 1 |4 ths  |a Παυλογεωργάτος, Γεράσιμος Δ. 
710 2 |a Πανεπιστήμιο Αιγαίου.   |b Σχολή Κοινωνικών Επιστημών.   |b Τμήμα Πολιτισμικής Τεχνολογίας και Επικοινωνίας. 
852 |a INST  |b LESVOS  |c DIATR  |e 20060208  |h 45  |p 005100034360  |q 005100034360  |t DIE  |y 23 
852 |a INST  |b LESVOS  |c DIATR  |e 20060208  |h 46  |p 005100034398  |q 005100034398  |t DIE  |y 23 
856 |u http://hdl.handle.net/11610/10591 
901 |a BIBL1-2006-1 
909 |a Λ  |b 115605 
909 |a Λ  |b 115604 
924 |a ΓΕΡΟΚΩΣΤΑ  |b ΧΡΙΣΤΙΝΑ  |y ΛΕΣΒΟΣ  |z 2004 
924 |a ΔΟΥΛΓΚΕΡΗ  |b ΑΝΝΑ  |y ΛΕΣΒΟΣ  |z 2004 
970 |a ΜΑΡΙΝΑΤΟΥ  |b ΜΥΡΣΙΝΗ  |z 2006/02/08